00743nam a2200229Ii 45000010005000000030009000050080041000140200015000550400033000700410008001030840011001111000026001222450030001482640038001783000012002163360026002283370028002543380027002829400050003099990017003599520137003769772CO-ViMGA241108s9999||||xx |||||||||||||| ||und|| a9580709399 aCO-ViMGAbspaerdacCO-ViMGA0 aspa aC DEC31 aMarie Décary95024510aEn el pais de los tucanes 1aBogotá, Colombia : Edilux, 1994 avolumen atextbtxt2rdacontent aunmediatedbn2rdamedia avolumebnc2rdacarrier aidficha_siabuc: 9556. -- ficha_no_siabuc:9772 c44928d44928 001040708InfPoTiaMEVIGERRbMEVIGERRcSInfd2006-11-27oC DEC3pECA10290r2024-11-26 09:28:16tEj.1w2024-11-26yBKz9556 | 13106